[Event "37th Taminco Open 2014"]
[Site "Ghent BEL"]
[Date "2014.07.22"]
[Round "8.16"]
[White "Schoffelmeer, Frans"]
[Black "Van Baarle, John"]
[Result "0-1"]
[BlackTitle "FM"]
[WhiteElo "2088"]
[BlackElo "2208"]
[WhiteFideId "1007653"]
[BlackFideId "1000691"]
[EventDate "2014.07.19"]

1. e4 e5 2. Nf3 Nc6 3. Bb5 a6 4. Ba4 Nf6 5. d3 b5 6. Bb3 d6 7. c3 Be7 8. O-O O-O
9. Re1 Na5 10. Bc2 c5 11. Nbd2 Qc7 12. Nf1 Nc6 13. Ne3 Re8 14. d4 cxd4 15. cxd4
Bf8 16. a3 Nxd4 17. Nxd4 exd4 18. Qxd4 Bb7 19. Bd2 Bxe4 20. Rac1 Bxc2 21. Rxc2
Qd7 22. f3 Rac8 23. Bc3 d5 24. b4 Bd6 25. Rd1 Be5 26. Qd3 Qa7 27. Bd4 Bxd4 28.
Qxd4 Qxd4 29. Rxd4 Rxc2 30. Nxc2 Re2 0-1

[Event "37th Taminco Open 2014"]
[Site "Ghent BEL"]
[Date "2014.07.23"]
[Round "9.1"]
[White "Czebe, Attila"]
[Black "Sriram, Jha"]
[Result "1/2-1/2"]
[WhiteTitle "GM"]
[BlackTitle "GM"]
[WhiteElo "2439"]
[BlackElo "2375"]
[WhiteFideId "705268"]
[BlackFideId "5001668"]
[EventDate "2014.07.19"]

1. Nf3 d5 2. g3 c6 3. Bg2 Bg4 4. c4 e6 5. O-O Nf6 6. d3 dxc4 7. dxc4 Nbd7 8. Nc3
Be7 9. Bf4 O-O 10. Qd2 Nb6 1/2-1/2

[Event "37th Taminco Open 2014"]
[Site "Ghent BEL"]
[Date "2014.07.23"]
[Round "9.2"]
[White "Van Den Doel, Erik"]
[Black "Meijers, Viesturs"]
[Result "1-0"]
[WhiteTitle "GM"]
[BlackTitle "GM"]
[WhiteElo "2547"]
[BlackElo "2475"]
[WhiteFideId "1003720"]
[BlackFideId "11600314"]
[EventDate "2014.07.19"]

1. e4 c5 2. Nf3 a6 3. c3 d5 4. exd5 Qxd5 5. d4 Nf6 6. Be2 e6 7. O-O Nc6 8. Bg5
Be7 9. dxc5 Qxd1 10. Rxd1 Bxc5 11. Nbd2 h6 12. Bf4 g5 13. Bg3 Nh5 14. Bc7 Nf4
15. Bxf4 gxf4 16. Nc4 Ke7 17. b4 Ba7 18. a4 Rd8 19. b5 Rxd1+ 20. Rxd1 axb5 21.
axb5 Nd8 22. Nfe5 Bc5 23. Nd3 b6 24. Nxf4 Bd7 25. Ne5 Be8 26. Ng4 f5 27. Nxh6
Nb7 28. Bc4 Nd6 29. Bxe6 Bxb5 30. Nxf5+ Nxf5 31. Bxf5 Ra2 32. Nd5+ Kf7 33. Ne3
Bc6 34. Bd3 b5 35. Ng4 Ke7 36. h4 Ra4 37. Ne5 Be8 38. g3 Ra2 39. Rf1 Kd6 40. Bg6
Bxg6 41. Nxg6 Rc2 42. h5 Rxc3 43. Kg2 Ba3 44. h6 Rc7 45. Rh1 Rh7 46. Nf8 Rb7 47.
h7 Bb2 48. Ng6 b4 49. f4 Bg7 50. h8=Q Bxh8 51. Rxh8 b3 52. Ne5 Kd5 53. Rd8+ Ke4
54. Nc4 Rc7 55. Nd2+ 1-0

[Event "37th Taminco Open 2014"]
[Site "Ghent BEL"]
[Date "2014.07.23"]
[Round "9.3"]
[White "Klundt, Klaus"]
[Black "Hovhannisyan, Mher"]
[Result "1/2-1/2"]
[WhiteTitle "IM"]
[BlackTitle "IM"]
[WhiteElo "2314"]
[BlackElo "2513"]
[WhiteFideId "4600436"]
[BlackFideId "13300865"]
[EventDate "2014.07.19"]

1. e4 e6 2. d4 d5 3. Nd2 h6 4. Ngf3 Nf6 5. Bd3 c5 6. dxc5 Bxc5 7. Qe2 Nc6 8. O-O
O-O 9. a3 a5 10. e5 Nd7 11. c4 Re8 12. Nb3 Ba7 13. Bf4 a4 14. Nbd2 Nc5 15. Bc2
d4 16. Ne1 f5 17. exf6 Qxf6 18. Bd6 d3 19. Nxd3 Nd4 20. Qd1 Nxc2 21. Qxc2 Nxd3
22. Qxd3 Qxb2 23. c5 Bd7 24. Rab1 Qf6 25. Rxb7 Bc6 26. Rc7 Bd5 27. Nf3 Bxf3 28.
Qxf3 Qxf3 29. gxf3 Bb8 30. Rb7 Bxd6 31. cxd6 Ra5 32. Rfb1 Rd5 33. Rd7 Rf8 34. h4
Rxf3 35. Rbb7 Kh8 36. Rxg7 Rxd6 37. Rh7+ Kg8 38. Rbg7+ Kf8 39. Ra7 Kg8 40. Rhb7
Rd4 1/2-1/2

[Event "37th Taminco Open 2014"]
[Site "Ghent BEL"]
[Date "2014.07.23"]
[Round "9.4"]
[White "Sadikhov, Ulvi"]
[Black "Szeberenyi, Adam"]
[Result "1-0"]
[BlackTitle "IM"]
[WhiteElo "2335"]
[BlackElo "2316"]
[WhiteFideId "13401416"]
[BlackFideId "710466"]
[EventDate "2014.07.19"]

1. e4 c5 2. Nf3 d6 3. d4 cxd4 4. Nxd4 Nf6 5. f3 e5 6. Nb3 d5 7. Bg5 dxe4 8.
Qxd8+ Kxd8 9. Bxf6+ gxf6 10. fxe4 Bb4+ 11. c3 Be7 12. N1d2 f5 13. Bc4 f6 14.
exf5 Bxf5 15. O-O Bg6 16. Be6 Kc7 17. Bf5 Nd7 18. Ne4 Rad8 19. Rae1 Bxf5 20.
Rxf5 h5 21. g3 h4 22. g4 Rh6 23. Ref1 Rg8 24. h3 Rgg6 25. Nbd2 Nf8 26. Nc4 Ne6
27. Ne3 Nf4 28. Kh2 Kc6 29. Rd1 Rg8 30. Ng2 Ne6 31. Rdf1 Rgg6 32. R5f2 Nc5 33.
Re2 Rg8 34. b4 Nxe4 35. Rxe4 Rd8 36. Ne3 Rd2+ 37. Kh1 Rxa2 38. Nf5 Rh7 39. Rc4+
Kb6 40. Rd1 Bf8 41. Rc8 Bh6 42. Rd6+ Kb5 43. Rxf6 Bf4 44. Rc5+ Ka4 45. Ra5+ Kb3
46. Rxa2 Kxa2 47. Nd6 Kb3 48. Ne4 Kc4 49. Kg2 Rd7 50. g5 Bd2 51. g6 Bxc3 52. Rf7
Rd8 53. g7 Bxb4 54. Nf6 a5 55. Rd7 Ra8 56. Rxb7 Kb3 57. g8=Q+ Rxg8+ 58. Nxg8 a4
59. Nf6 Kc4 60. Nd7 a3 61. Nxe5+ Kc3 62. Ra7 Bd6 63. Nf3 Kb2 64. Nd2 Bc5 65.
Rb7+ Kc2 66. Rc7 1-0

[Event "37th Taminco Open 2014"]
[Site "Ghent BEL"]
[Date "2014.07.23"]
[Round "9.5"]
[White "Ernst, Thomas"]
[Black "McMichael, Richard J"]
[Result "1-0"]
[WhiteTitle "GM"]
[BlackTitle "CM"]
[WhiteElo "2364"]
[BlackElo "2206"]
[WhiteFideId "1700065"]
[BlackFideId "400963"]
[EventDate "2014.07.19"]

1. e4 e6 2. d4 d5 3. Nc3 Nc6 4. Nf3 Nf6 5. e5 Ne4 6. Ne2 f6 7. exf6 Qxf6 8. Ng3
Bd7 9. Bd3 Nxg3 10. hxg3 h6 11. Bf4 Bd6 12. Qd2 O-O-O 13. Qe3 Rdf8 14. Be5 Qe7
15. Bxd6 cxd6 16. Bb5 Kb8 17. Bxc6 Bxc6 18. O-O Rf6 19. a4 Qd7 20. Qa3 Qc7 21.
Rac1 Rhf8 22. b4 Be8 23. Nd2 Qb6 24. b5 e5 25. Nb3 Bh5 26. dxe5 dxe5 27. a5 Qd6
28. Qxd6+ Rxd6 29. Rfe1 Re8 30. f4 exf4 31. gxf4 Re4 32. Rxe4 dxe4 33. Kf2 Bf7
34. Ke3 Bxb3 35. cxb3 Rd3+ 36. Kxe4 Rxb3 37. Rc5 b6 38. axb6 axb6 39. Rc6 Rg3
40. Rxb6+ Kc7 41. Rc6+ Kd7 42. Rc2 Rb3 43. Kf5 Rxb5+ 44. Kg6 Rb4 45. Rf2 Rb3 46.
Kxg7 Rg3+ 47. Kf7 h5 48. f5 h4 49. Rd2+ Kc8 50. f6 h3 51. gxh3 Rxh3 52. Kf8 Rf3
53. f7 Rh3 54. Rg2 1-0

[Event "37th Taminco Open 2014"]
[Site "Ghent BEL"]
[Date "2014.07.23"]
[Round "9.6"]
[White "Van Baarle, John"]
[Black "Van der Stricht, Geert"]
[Result "1/2-1/2"]
[WhiteTitle "FM"]
[BlackTitle "IM"]
[WhiteElo "2208"]
[BlackElo "2350"]
[WhiteFideId "1000691"]
[BlackFideId "201324"]
[EventDate "2014.07.19"]

1. e4 c5 2. Nf3 d6 3. Bb5+ Nd7 4. d4 cxd4 5. Qxd4 a6 6. Bxd7+ Bxd7 7. Nc3 e5 8.
Qd3 h6 9. a4 Nf6 10. Nd2 Rc8 11. Nc4 Qc7 12. Ne3 Be6 13. O-O Be7 14. f4 exf4 15.
Rxf4 O-O 16. Nf5 Rfd8 17. Qg3 Bxf5 18. Rxf5 d5 19. e5 Ne4 20. Nxe4 dxe4 21. Bxh6
Qb6+ 22. Be3 Bc5 23. Re1 Bxe3+ 24. Qxe3 Qxe3+ 25. Rxe3 Rxc2 26. h4 Rd1+ 27. Kh2
Rdd2 28. Rg5 Re2 29. Reg3 Rc6 30. Rxg7+ Kf8 31. b4 Rb2 32. Rg8+ Ke7 33. Re3 Rxb4
34. g4 Rxa4 35. h5 Rac4 36. g5 Rc8 37. Rxc8 Rxc8 38. Kg3 Ke6 39. Kf4 b5 40. h6
b4 41. h7 Rh8 42. Rh3 e3 43. Rh6+ Kd5 44. Rd6+ Kc5 45. Kxe3 Rxh7 46. Rxa6 Rh3+
47. Ke4 b3 48. Ra1 Rh2 49. Ra8 Rh4+ 50. Kf5 Rb4 51. Rc8+ Kd4 52. Rc1 b2 53. Rd1+
Ke3 54. e6 Rb5+ 55. Kf6 fxe6 56. g6 b1=Q 57. Rxb1 Rxb1 58. Kxe6 Kf4 59. g7 Rb6+
60. Kf7 Rb7+ 61. Kf6 Rb8 62. Kf7 Kf5 63. g8=Q Rxg8 1/2-1/2

[Event "37th Taminco Open 2014"]
[Site "Ghent BEL"]
[Date "2014.07.23"]
[Round "9.7"]
[White "Froeyman, Helmut"]
[Black "Lacrosse, Marc"]
[Result "1-0"]
[WhiteTitle "FM"]
[BlackTitle "FM"]
[WhiteElo "2304"]
[BlackElo "2174"]
[WhiteFideId "203602"]
[BlackFideId "200921"]
[EventDate "2014.07.19"]

1. e4 e5 2. Nf3 Nc6 3. Bb5 a6 4. Ba4 Nf6 5. O-O Nxe4 6. d4 b5 7. Bb3 d5 8. dxe5
Be6 9. Nbd2 Be7 10. c3 Nc5 11. Bc2 d4 12. Nb3 d3 13. Bb1 Nxb3 14. axb3 Bf5 15.
Be3 O-O 16. Re1 Qd5 17. Bd4 d2 18. Re2 Bxb1 19. Rxb1 Nxd4 20. Nxd4 c5 21. Nf3
Rad8 22. Rxd2 Qe6 23. Rxd8 Rxd8 24. Qc2 h6 25. h3 Rd7 26. Ra1 g6 27. c4 Kg7 28.
Qe2 Qc6 29. Re1 Rb7 30. Rd1 Rd7 31. Rxd7 Qxd7 32. Kf1 Bg5 33. Qc2 a5 34. cxb5
Qxb5+ 35. Qc4 Qd7 36. Ke2 Be7 37. Nd2 Qf5 38. Qe4 Qh5+ 39. Nf3 f5 40. Qb7 Kf7
41. Qd5+ 1-0

[Event "37th Taminco Open 2014"]
[Site "Ghent BEL"]
[Date "2014.07.23"]
[Round "9.8"]
[White "Goormachtigh, Johan"]
[Black "Decoster, Frederic"]
[Result "1/2-1/2"]
[WhiteTitle "FM"]
[BlackTitle "FM"]
[WhiteElo "2176"]
[BlackElo "2298"]
[WhiteFideId "200280"]
[BlackFideId "204269"]
[EventDate "2014.07.19"]

1. d4 d5 2. Nf3 e6 3. c4 c5 4. cxd5 exd5 5. Nc3 Nc6 6. g3 Nf6 7. Bg2 Be7 8. O-O
O-O 9. Bg5 c4 10. Ne5 Be6 11. b3 Qa5 12. Qd2 Rad8 13. Nxc6 bxc6 14. Rfd1 Bb4 15.
Bxf6 gxf6 16. Rac1 Ba3 17. Ra1 Bb4 18. Rac1 Rc8 19. bxc4 dxc4 20. Qc2 Rfd8 21.
e4 Kg7 22. d5 Bg4 23. Rd2 Rd6 24. h3 Bd7 25. dxc6 Rxd2 26. Qxd2 Bxc6 27. Qe2 Qg5
28. Rc2 Bxc3 29. Rxc3 Bd7 30. f4 Qc5+ 31. Qf2 Qb6 32. Bf1 Bb5 33. Qxb6 axb6 34.
Kf2 Ra8 35. a3 Ba6 36. a4 b5 37. axb5 Bxb5 38. Ke3 Ra1 39. Bxc4 Bxc4 40. Rxc4
Ra3+ 41. Kf2 Rb3 42. Rc5 Ra3 43. Rd5 Rb3 44. Rd2 Ra3 45. Re2 Rb3 46. Re3 Rb1 47.
g4 h6 48. Kg3 Rg1+ 49. Kh4 Rf1 50. Kg3 Rg1+ 51. Kf3 Rh1 52. Kg2 Ra1 53. h4 Rb1
54. Rd3 Re1 55. Kf3 Rh1 56. h5 Rf1+ 57. Kg3 Re1 58. Kf3 Rf1+ 59. Kg3 Re1 1/2-1/2

[Event "37th Taminco Open 2014"]
[Site "Ghent BEL"]
[Date "2014.07.23"]
[Round "9.9"]
[White "Lammens, Tim"]
[Black "Willemsma, Abe"]
[Result "1/2-1/2"]
[WhiteTitle "FM"]
[WhiteElo "2307"]
[BlackElo "2077"]
[WhiteFideId "1008803"]
[BlackFideId "1011561"]
[EventDate "2014.07.19"]

1. Nf3 c5 2. g3 g6 3. Bg2 Bg7 4. O-O Nc6 5. c4 e6 6. Nc3 Nge7 7. d3 O-O 8. Bd2
d5 9. Rb1 b6 10. a3 a5 11. b3 h6 12. Ne1 Bb7 13. Nc2 Qd7 14. Qc1 Kh7 15. Rd1 d4
16. Nb5 Na7 17. Bxb7 Qxb7 18. Nxa7 Rxa7 19. b4 axb4 20. axb4 Qc7 21. Qb2 g5 22.
Ra1 Rfa8 23. Rxa7 Rxa7 24. Ra1 Kg6 25. Na3 Nf5 26. Nb5 Rxa1+ 27. Qxa1 Qe5 28.
Kf1 Bf8 29. Qa8 Be7 30. bxc5 Bxc5 31. Qg8+ Qg7 32. Qxg7+ Nxg7 33. g4 f5 34. h3
h5 35. f3 f4 36. Ke1 hxg4 37. hxg4 Kf6 38. Kd1 Ke7 39. Kc2 Kd7 40. Kb3 e5 41.
Na3 Kc6 42. Nc2 b5 43. Nb4+ Bxb4 44. Bxb4 bxc4+ 45. Kxc4 Ne8 46. Be7 Nd6+ 47.
Kb4 Nf7 48. Kc4 Nd6+ 49. Kb4 Nf7 50. Bf6 Kb6 51. Kc4 Kc6 52. Bg7 Nd6+ 53. Kb4
Nf7 54. Bf8 Nd6 55. Bh6 Nf7 56. Bg7 Kb6 57. Bf6 Kc6 58. Ka5 Kc5 59. Be7+ Kc6 60.
Ka6 Kd7 61. Bf8 Kc6 62. Ka5 Nd8 63. Bg7 Nf7 64. Bf6 Kc5 65. Be7+ Kc6 66. Ka6 Kd7
67. Bf8 Kc6 68. Ba3 Nd8 69. Be7 Nf7 70. Bf6 Kc5 71. Be7+ Kc6 72. Ba3 Nd8 73. Be7 1/2-1/2

[Event "37th Taminco Open 2014"]
[Site "Ghent BEL"]
[Date "2014.07.23"]
[Round "9.10"]
[White "Boons, Patrick"]
[Black "Sadkowski, Daniel"]
[Result "0-1"]
[BlackTitle "FM"]
[WhiteElo "2029"]
[BlackElo "2248"]
[WhiteFideId "205249"]
[BlackFideId "200255"]
[EventDate "2014.07.19"]

1. e4 e5 2. Nf3 Nf6 3. Nc3 Nc6 4. d3 d5 5. Bg5 Bb4 6. exd5 Qxd5 7. Bd2 Bxc3 8.
Bxc3 Bg4 9. Be2 O-O-O 10. h3 Bh5 11. O-O Rhe8 12. Nd2 Bxe2 13. Qxe2 Nd4 14. Bxd4
exd4 15. Qf3 Re6 16. Qxd5 Nxd5 17. Rfe1 Rc6 18. Rec1 Nf4 19. Kf1 Rg6 20. g3 Nxh3
21. Re1 Ng5 22. Nc4 Rf6 23. Kg2 Nf3 24. Re2 Rd5 25. Rh1 h5 26. a4 Kd7 27. Re4
Rg5 28. c3 c5 29. cxd4 cxd4 30. b4 g6 31. b5 Rgf5 32. Re2 b6 33. Ra1 h4 34. Rh1
hxg3 35. fxg3 Re6 36. Rxe6 Kxe6 37. Rf1 Ne5 38. Re1 Kd5 39. Nb2 Ng4 40. Nd1 Re5
41. Rf1 f5 42. Rh1 Re2+ 43. Kf1 Rd2 44. Ke1 Rxd1+ 0-1

[Event "37th Taminco Open 2014"]
[Site "Ghent BEL"]
[Date "2014.07.23"]
[Round "9.11"]
[White "Bokros, Albert"]
[Black "Verbaken, Onno"]
[Result "1-0"]
[WhiteTitle "IM"]
[WhiteElo "2485"]
[BlackElo "2068"]
[WhiteFideId "710458"]
[BlackFideId "1026925"]
[EventDate "2014.07.19"]

1. e4 c5 2. Nf3 e6 3. d3 Nc6 4. g3 b6 5. Bg2 Bb7 6. O-O d6 7. Re1 Qc7 8. c3 Nge7
9. d4 d5 10. exd5 Nxd5 11. c4 Nf6 12. Bf4 Bd6 13. d5 Na5 14. Bxd6 Qxd6 15. dxe6
O-O-O 16. Qxd6 Rxd6 17. exf7 Bxf3 18. Bxf3 Nxc4 19. b3 Nd2 20. Nxd2 Rxd2 21. Bc6
Kd8 22. g4 Rf8 23. g5 Nd7 24. Rad1 Rxd1 25. Rxd1 Rxf7 26. Be4 g6 27. Kg2 Re7 28.
f3 Kc7 29. Kg3 Nf8 30. h4 Ne6 31. Kg4 Ng7 32. Rd2 Nh5 33. a3 Ng7 34. b4 cxb4 35.
axb4 Rd7 36. Rc2+ Kd6 37. b5 Ke5 38. Re2 Kd6 39. Rd2+ Ke7 40. Rxd7+ Kxd7 41. Bd5
Ke7 42. Bg8 Kf8 43. Bxh7 Kf7 44. f4 Ne8 45. f5 Nd6 46. Bxg6+ Kg7 47. h5 Nxb5 48.
f6+ 1-0

[Event "37th Taminco Open 2014"]
[Site "Ghent BEL"]
[Date "2014.07.23"]
[Round "9.12"]
[White "Schuermans, Robert"]
[Black "Marholev, Dimitar"]
[Result "1/2-1/2"]
[BlackTitle "IM"]
[WhiteElo "2086"]
[BlackElo "2349"]
[WhiteFideId "200263"]
[BlackFideId "2901340"]
[EventDate "2014.07.19"]

1. e4 e5 2. f4 exf4 3. Bc4 Nf6 4. Nc3 c6 5. Qf3 d5 6. exd5 Bd6 7. Bb3 O-O 8.
Nge2 Bg4 9. Qf2 Nxd5 10. O-O Nxc3 11. Nxc3 Nd7 12. d4 Be6 13. Bxf4 Bxf4 14. Qxf4
Bxb3 15. axb3 Nf6 16. Rad1 1/2-1/2

[Event "37th Taminco Open 2014"]
[Site "Ghent BEL"]
[Date "2014.07.23"]
[Round "9.14"]
[White "Huhndorf, Arnold"]
[Black "Van Vliet, Dennis"]
[Result "1-0"]
[WhiteTitle "FM"]
[WhiteElo "2273"]
[BlackElo "2084"]
[WhiteFideId "4665031"]
[BlackFideId "209740"]
[EventDate "2014.07.19"]

1. d4 d5 2. c4 e6 3. Nc3 c5 4. cxd5 exd5 5. Nf3 Nc6 6. dxc5 Bxc5 7. Nxd5 Be6 8.
e4 Nf6 9. Nxf6+ Qxf6 10. Bb5 Bb4+ 11. Nd2 O-O 12. Bxc6 bxc6 13. O-O Rfd8 14. Qc2
Qg6 15. Kh1 Rd4 16. f3 Rad8 17. Nb3 Bxb3 18. Qxb3 Bd2 19. Rd1 Qd6 20. Bxd2 Rxd2
21. Rxd2 Qxd2 22. h3 h6 23. Rg1 Qf2 24. Qc3 c5 25. Qa5 Rd2 26. Qxa7 Rxb2 27. a4
Ra2 28. a5 Qc2 29. Qa8+ Kh7 30. Qd5 f6 31. a6 Qa4 1-0

[Event "37th Taminco Open 2014"]
[Site "Ghent BEL"]
[Date "2014.07.23"]
[Round "9.15"]
[White "Stone, Andrew M"]
[Black "De Kruif, Kees"]
[Result "1/2-1/2"]
[WhiteElo "2204"]
[BlackElo "1927"]
[WhiteFideId "404985"]
[BlackFideId "1006479"]
[EventDate "2014.07.19"]

1. c4 c5 2. g3 g6 3. Bg2 Bg7 4. Nc3 Nc6 5. Nf3 Nf6 6. d4 cxd4 7. Nxd4 Nxd4 8.
Qxd4 O-O 9. O-O d6 10. Qd3 Rb8 11. Be3 Qa5 12. h3 a6 13. Ba7 Ra8 14. Bd4 Qh5 15.
Bxf6 Bxf6 16. Nd5 Qe5 17. Nxf6+ Qxf6 18. b3 Rb8 19. a4 Be6 20. Kh2 Rfc8 21. a5 1/2-1/2

[Event "37th Taminco Open 2014"]
[Site "Ghent BEL"]
[Date "2014.07.23"]
[Round "9.16"]
[White "Roos, David"]
[Black "Van Den Dikkenberg, Erik"]
[Result "1-0"]
[BlackTitle "FM"]
[WhiteElo "2097"]
[BlackElo "2179"]
[WhiteFideId "210064"]
[BlackFideId "1005880"]
[EventDate "2014.07.19"]

1. e4 c5 2. Nf3 d6 3. d4 cxd4 4. Nxd4 Nf6 5. Nc3 a6 6. Bg5 e6 7. Qf3 Be7 8.
O-O-O Qc7 9. Be2 Nbd7 10. Qg3 b5 11. Bxb5 axb5 12. Ndxb5 Qa5 13. Nxd6+ Bxd6 14.
Rxd6 O-O 15. Rhd1 Kh8 16. R1d4 Bb7 17. f3 h6 18. Bxf6 Nxf6 19. Qe1 Rfc8 20. Qd2
Bc6 21. Rc4 Qb6 22. Qd4 Qb7 23. Rb4 Qe7 24. Rb6 Be8 25. Ra6 Rxa6 26. Rxa6 Rd8
27. Ra7 Rd7 28. Rxd7 Bxd7 29. a4 e5 30. Qb6 Be6 31. a5 Nd7 32. Qb7 Qg5+ 33. Kb1
Qd2 34. Nd5 Qe1+ 35. Ka2 Qxa5+ 36. Kb1 Kh7 37. c3 Nc5 38. Qb4 Qa7 39. Qb6 Qxb6
40. Nxb6 Kg8 41. b4 Nd7 42. Nxd7 Bxd7 43. Kb2 Kf8 44. Kb3 Ke7 45. c4 Kd6 46. Kc3
Bc6 47. b5 Bb7 48. Kb4 g6 49. c5+ Kc7 50. Kc4 Bc8 51. Kd5 f6 52. b6+ Kb7 53. Kd6
h5 54. h4 g5 55. g3 g4 56. fxg4 Bxg4 57. Ke7 Bf3 58. Kxf6 Bxe4 59. Kxe5 Bf3 60.
Kd6 Bc6 61. Ke5 Be8 62. Kf4 Kc6 63. g4 hxg4 64. Kxg4 Bd7+ 65. Kg5 Bc8 66. h5 Ba6
67. h6 Kxc5 68. h7 Kd5 1-0